| 000 | 00000nam##2200000za#4500 |
| 001 | 9.647773 |
| 003 | CaOODSP |
| 005 | 20210929082759 |
| 007 | ta |
| 008 | 150407|2000||||xxc||||| f|0| 0 eng|d |
| 020 | |a0-662-29035-6 |
| 040 | |aCaOODSP|beng |
| 043 | |an-cn--- |
| 086 | 1 |aFo42-308/2000E |
| 110 | 1 |aCanada. |bNatural Resources Canada. |bCanadian Forest Service. |
| 245 | 10|aProceedings of the Canadian Model Forest Network's Partnership Meeting, Halifax, NS, September 8-9, 1999 |
| 260 | |aOttawa - Ontario : |bNatural Resources Canada. |c2000. |
| 300 | |aii, 79p. : |billus., tables ; |c28 cm. |
| 563 | |aSpiral binding |
| 590 | |a01-10|b2001-03-09 |
| 690 | 07|aModel forests|2gcpds |
| 690 | 07|aForest management|2gcpds |
| 690 | 07|aEnvironmental management|2gcpds |
| 775 | 08|tActes du symposium de la réunion des partenaires du Réseau canadien de forêts modèles, Halifax (Nouvelle-Écosse), les 8 et 9 septembre, 1999 |w(CaOODSP)9.681152 |
| 776 | 0#|tProceedings of the Canadian Model Forest Network's partnership meeting : |w(CaOODSP)9.695955 |